000 01886nam a2200409 a 4500
001 BRCA_4941
005 20190320204853.0
008 211010s1822----mx-#######---#000-0#spa-#
041 _aspa
044 _amx
084 _aDOC28
_b.L67
_c1822
100 1 _aLópez de Santa Anna, Antonio
_d1794-1876
_912540
245 1 0 _aDocumento firmado por Don Antonio López de Santa Anna
_cAntonio López de Santa Anna ... [et al.].
260 _aMéxico
_c1822
300 _a[3] fojas
_c30 x 21 cm.
500 _aDocumento firmado el 15 de octubre de 1822.
500 _aDocumento dirigido a Don Manuel de Herrera, Secretario de Estado y del Despacho de Relaciones, por Antonio López de Santa Anna, dándole cuenta del resultado de sus negociaciones contra el General Dávila del ejército español posesionado en Veracruz, pidiéndole su apoyo en caso de necesitarlo.
500 _aEl documento contiene la leyenda DOC. #37.
500 _aPapel con marca de agua.
500 _aEstado de conservación: contiene una gran mancha de acidez en la parte superior y anotaciones con tinta roja.
506 0 _aFondo Reservado. Para su consulta es necesario credencial de usuario y carta de motivos.
546 _aTexto en : español de principos del siglo XIX.
600 1 4 _aLópez de Santa Anna, Antonio
_d1794-1876
_xHistoria
_912498
651 4 _aMéxico
_xHistoria
_yPrimeros gobiernos independientes, 1821-1824
_912541
700 1 _aHerrera, José Manuel de
_912417
700 1 _aPosada, Manuel de
_912542
700 1 _aPuente, Manuel de la
_912543
700 1 _aSerrano, José Manuel
_912544
700 1 _aCeballos, José de
_912545
700 1 _aSerapio Calvo, Manuel
_912546
700 1 _aCastilla, Diego de
_912547
700 1 _aLizardi, Miguel de
_912548
700 1 _aAntuñano, Teodoro de
_912549
700 1 _aPeréz, Manuel
_912550
902 _aFDH
942 _2lcc
_cD
999 _c4635
_d4635